Skip to main content
Your cart is empty.
Your lists
Log in to create your own lists
Your cookies
العربية
English
العربية
Home
Search
Advanced search
Authority search
About
The noble scholar, jurist, historian
His Excellency Dr. Abdul Wahhab bin Ibrahim Abu Sulaiman, may Allah have mercy on him.
He was born in Umm Al-Qura in the year 1356 AH.
Library catalog
Title
Author
Subject
ISBN
ISSN
Series
Call number
Log in to your account
×
Login:
Password:
Home
MARC view: الوافي بذيل تذكار المصافي بإجازة الفخر عبد الله بن عبد الكريم الجرافي والصفي أحمد بن أحمد الجرافي /
Normal view
MARC view
ISBD view
الوافي بذيل تذكار المصافي بإجازة الفخر عبد الله بن عبد الكريم الجرافي والصفي أحمد بن أحمد الجرافي / (Record no. 5749)
[
view plain
]
MARC details
000 -LEADER
fixed length control field
01252cam a2200253 i 4500
003 - CONTROL NUMBER IDENTIFIER
control field
SA-RiAUC
005 - DATE AND TIME OF LATEST TRANSACTION
control field
20250208091539.0
008 - FIXED-LENGTH DATA ELEMENTS--GENERAL INFORMATION
fixed length control field
250207s1988 le g 000r0 ara c
040 ## - CATALOGING SOURCE
Original cataloging agency
SA-JeALM
Language of cataloging
ara
Transcribing agency
SA-RiAUC
Description conventions
rda
082 04 - DEWEY DECIMAL CLASSIFICATION NUMBER
Classification number
233.1
090 ## - LOCALLY ASSIGNED LC-TYPE CALL NUMBER (OCLC); LOCAL CALL NUMBER (RLIN)
Classification number (OCLC) (R) ; Classification number, CALL (RLIN) (NR)
233.1
Local cutter number (OCLC) ; Book number/undivided call number, CALL (RLIN)
ف ا د
100 1# - MAIN ENTRY--PERSONAL NAME
Personal name
الفاداني، محمد ياسين بن محمد عيسى،
Dates associated with a name
1335-1411 هجري
Relator term
مؤلف.
245 12 - TITLE STATEMENT
Title
الوافي بذيل تذكار المصافي بإجازة الفخر عبد الله بن عبد الكريم الجرافي والصفي أحمد بن أحمد الجرافي /
Statement of responsibility, etc.
بقلم أبي الفيض محمد ياسين بن عيس الفاداني المكي.
250 ## - EDITION STATEMENT
Edition statement
الطبعة الأولى.
264 #1 - PRODUCTION, PUBLICATION, DISTRIBUTION, MANUFACTURE, AND COPYRIGHT NOTICE
Place of production, publication, distribution, manufacture
بيروت :
Name of producer, publisher, distributor, manufacturer
دار البشائر الإسلامية،
Date of production, publication, distribution, manufacture, or copyright notice
[1988]
300 ## - PHYSICAL DESCRIPTION
Extent
164 صفحة ؛
Dimensions
24 سم
336 ## - CONTENT TYPE
Content type term
نص
Content type code
txt
Source
rdacontent
Materials specified
كتاب
337 ## - MEDIA TYPE
Media type term
بدون وسيط
Media type code
n
Source
rdamedia
338 ## - CARRIER TYPE
Carrier type term
مجلد
Carrier type code
nc
Source
rdacarrier
500 ## - GENERAL NOTE
General note
توجد ملاحظات من الشيخ الدكتور عبدالوهاب أبو سليمان رحمه الله في داخل الكتاب.
650 #7 - SUBJECT ADDED ENTRY--TOPICAL TERM
Topical term or geographic name entry element
الإجازة (علم الحديث)
Source of heading or term
aucsh
942 ## - ADDED ENTRY ELEMENTS (KOHA)
Source of classification or shelving scheme
Dewey Decimal Classification
Koha item type
Books
Suppress in OPAC
No
949 ## - LOCAL PROCESSING INFORMATION (OCLC)
a
SA-JeALM
d
250207
u
mohamedma123
n
1
Holdings
Withdrawn status
Lost status
Source of classification or shelving scheme
Damaged status
Not for loan
Collection
Home library
Current library
Date acquired
Total checkouts
Full call number
Barcode
Date last seen
Price effective from
Koha item type
Dewey Decimal Classification
ملاحظات
DR AbdElwahab Library
DR AbdElwahab Library
02/08/2025
233.1 ف ا د
000009176
02/08/2025
02/08/2025
Books
Place hold
Print
Add to your cart
(remove)
Save record
BIBTEX
Dublin Core
MARCXML
MARC (non-Unicode/MARC-8)
MARC (Unicode/UTF-8)
MARC (Unicode/UTF-8, Standard)
MODS (XML)
RIS
ISBD
More searches
Search for this title in:
Other Libraries (WorldCat)
Other Databases (Google Scholar)
Online Stores (Bookfinder.com)
Open Library (openlibrary.org)
Exporting to Dublin Core...
×
Simple DC-RDF
OAI-DC
SRW-DC